Statistics for Twin Films (Concurrent Movies with Similar Plots)

Click here to take the quiz!

General Stats

  • This quiz has been taken 115 times
    (41 since last reset)
  • The average score is 13 of 30

Answer Stats

Movie % Correct
A Bug's Life
82%
Antz
79%
Saving Private Ryan
71%
Armageddon
68%
Batman v Superman: Dawn of Justice
63%
Deep Impact
63%
The Prestige
58%
Captain America: Civil War
55%
Mortal Kombat
55%
Street Fighter
55%
Volcano
55%
The Fast and the Furious
50%
Weird Science
50%
An American Werewolf in London
47%
Showgirls
45%
The Shining
42%
The Amityville Horror
39%
Dante's Peak
37%
This is the End
37%
Striptease
34%
The Great Mouse Detective
32%
An American Tail
26%
Gone in 60 Seconds
26%
Day of the Dead
26%
The Illusionist
24%
The World's End
24%
The Thin Red Line
18%
The Return of the Living Dead
13%
The Howling
13%
Real Genius
8%

Score Distribution

Percentile by Number Answered

Percent of People with Each Score

Your Score History

You have not taken this quiz since the last reset